Loading...
Mazhamukilukal /
| Main Author: | |
|---|---|
| Language: | Undetermined |
| Published: |
Kamala Nair ,
1967.
|
| LEADER | 00432nam a2200133Ia 4500 | ||
|---|---|---|---|
| 001 | 57146 | ||
| 008 | 170722s9999 xx 000 0 und d | ||
| 100 | |a Unnikrishnan Nair, Niruvambadi | ||
| 245 | |a Mazhamukilukal / | ||
| 260 | |b Kamala Nair , |c 1967. | ||
| 300 | |a 40 p. |c 18cms | ||
| 942 | |c GEN | ||
| 999 | |c 91089 |d 91089 | ||
| 952 | |0 0 |1 0 |4 0 |6 O_321N2413X_K7_KR |7 0 |9 127747 |a LIB |b LIB |d 2017-08-12 |o O32,1N2413x K7 (KR) |p 165677 |r 2017-08-12 |v 0.75 |w 2017-08-12 |y GEN | ||